000 00425 a2200169 4500
999 _c5148
_d5148
020 _a9780636028869
050 _aPR9390 DLA 2012
100 _aDlamini, N. G.
_eauthor
245 _aImpicabadala /
_cN. G. Dhlamini
264 _aCape Town :
_bMaskew Miller Longman,
_c2012.
300 _a134p. :
500 _aDrama
650 _aZulu drama.
650 _aDrama.
651 _aSouth Africa
942 _2lcc
_cBK
_h9390
_iDLA
_kPR